| 000 | 01262naa a2200289 c 4500 | ||
|---|---|---|---|
| 001 | 32189 | ||
| 003 | ES-MaCES | ||
| 005 | 20010628141100.0 | ||
| 008 | 010524n2001 sp 100 | spa d | ||
| 035 | _aCES20010002002v | ||
| 040 |
_aES-MaCES _bspa _cES-MaCES |
||
| 100 | 1 |
_aFernández, Tomás-Ramón _911750 |
|
| 245 | 1 | 3 |
_aLa Administración del Estado a lo largo del Siglo XX _cTomás-Ramón Fernández |
| 500 | _aPonencia presentada en el Congreso sobre las Claves de la España en el Siglo XX, organizado por la Sociedad Estatal Nuevo Milenio, en el Museo de las Ciencias de Valencia los días 24 a 27 de octubre de 2000 | ||
| 650 | 4 |
_adocumento de conferencia _928945 |
|
| 650 | 4 |
_ahistoria _927251 |
|
| 650 | 4 |
_aS. XX _930812 |
|
| 650 | 4 |
_aEspaña _926964 |
|
| 650 | 4 |
_areforma administrativa _927223 |
|
| 650 | 4 |
_aadministración pública _927214 |
|
| 653 | 1 | 0 | _aAdministración-Instituciones públicas |
| 711 | 2 |
_aCongreso sobre las Claves de la España en el Siglo XX _d2000 _cValencia _9653 |
|
| 773 | 0 |
_tRevista española de Derecho administrativo _gn. 109 (en. - mar. 2001){10039 R. 041472}; p. 5-14 _w(ES-MaCES)25059 _932244 |
|
| 902 | _aART Artículo de revista | ||
| 942 |
_2CES _cAR _h6.3. |
||
| 999 |
_c32189 _d32189 |
||